000
00267nam a22001217a 4500
082
_a
658.8
100
_a
AIOU
245
_a
Marketing : theory and practice
260
_a
Islamabad :
_b
AIOU,
_c
1990.
300
_a
140 p. ;
_b
24 cm.
500
_a
Paperback.
942
_c
BK
999
_c
34132
_d
34132